Revista de derecho penal 2010 - 1 : imputación, causalidad y ciencia I /

Guardado en:
Formato: Libro
Idioma:Spanish
Publicado: Santa Fe : Rubinzal Culzoni, 2010.
Edición:1a. ed.
Materias:
Etiquetas: Agregar Etiqueta
Sin Etiquetas, Sea el primero en etiquetar este registro!
LEADER 00524nam a22001575a 4500
001 DER.der015398
008 251103s2010####ag#||||||||||||||#||spa||
005 20251103123522.0
245 1 0 |a Revista de derecho penal 2010 - 1 :  |b imputación, causalidad y ciencia I /  |c dirigido por Edgardo Alberto Donna. 
250 |a 1a. ed. 
260 |a Santa Fe :  |b Rubinzal Culzoni,  |c 2010. 
300 |a 756 p. 
020 |a 9789873001222 
700 1 |a Donna, Edgardo Alberto,  |e dir. 
650 7 |a DERECHO PENAL 
859 |a DERECHO  |b BIB. DERECHO  |h 345  |i REV  |p 006416